000 00584nam a2200241Ia 4500
008 190123s9999 xx 000 0 und d
020 _a9780516265599
050 _bF785 1999
100 _aFowler, Allan
245 4 _aThe Nile River /
245 0 _cby Allan Fowler.
260 _aNew York, New York :
260 _bChildren's Press,
260 _c1999
300 _a31 pages :
300 _bcolored illustrations ;
300 _c18cm.
440 _aRookie read-about geography.
500 _a610L
650 _aNile River.
700 _aSeries.
700 _aTitle.
999 _c361019
_d361019